|
|
|
|
| LEADER |
00638cam a2200217 7i4500 |
| 001 |
0000013495 |
| 005 |
20151104090000.0 |
| 005 |
##20151104114100.0 |
| 003 |
##MY-KlINT |
| 020 |
# |
# |
|a 9789675426032
|
| 039 |
# |
9 |
|y 201511041141
|z VLOAD
|
| 090 |
0 |
0 |
|a 297.246
|b NOR
|
| 100 |
1 |
# |
|a Normala Kari
|
| 245 |
1 |
0 |
|a Kisah Perjalanan Nabi Musa /
|c Normala Kari.
|
| 260 |
# |
# |
|a Kuala Lumpur:
|b Mustread Sdn. Bhd,
|c 2010.
|
| 300 |
# |
# |
|a vii166ms:
|b ill;
|c 19cm.
|
| 500 |
# |
# |
|a Mengandungi bibliografi
|
| 650 |
# |
0 |
|a Islamic stories, Malay
|
| 650 |
# |
0 |
|a Prophets in the Koran
|
| 650 |
# |
0 |
|a Prophets, Pre-Islamic
|
| 999 |
|
|
|a 1110067343
|b BOOK
|c Main Non-Fiction
|e INTAN BK
|